000 00361nam a2200157Ia 4500
008 210210b1916 xxu||||| |||| 00| 0 eng d
041 _aeng
082 _a822/110
100 _aBENNETT (A)
245 _aHuman machine
260 _aLondon
_bHodder and Stoughton
_c1916
650 _amachine
650 _aHuman
690 _aEnglish Prose
906 _a012297
999 _c131082
_d131082